000 00339nam a2200145Ia 4500
008 230718s9999 xx 000 0 und d
041 _aEng.
082 _a348.02
_bMAH-T
100 _aMahmood M.
245 4 _aThe pakistan Penal code
260 _aPakistan
_bAl Qanoon Publishers
_c2011
300 _a1990
650 _aLaw
999 _c29891
_d29891